<?xml version="1.0" encoding="UTF-8"?><?xml-stylesheet type="text/xsl" href="static/style.xsl"?><OAI-PMH xmlns="http://www.openarchives.org/OAI/2.0/" xmlns:xsi="http://www.w3.org/2001/XMLSchema-instance" xsi:schemaLocation="http://www.openarchives.org/OAI/2.0/ http://www.openarchives.org/OAI/2.0/OAI-PMH.xsd"><responseDate>2026-04-17T22:08:55Z</responseDate><request verb="GetRecord" identifier="oai:www.recercat.cat:20.500.12327/4945" metadataPrefix="marc">https://recercat.cat/oai/request</request><GetRecord><record><header><identifier>oai:recercat.cat:20.500.12327/4945</identifier><datestamp>2026-02-24T00:36:30Z</datestamp><setSpec>com_2072_4428</setSpec><setSpec>com_2072_4427</setSpec><setSpec>col_2072_487898</setSpec></header><metadata><record xmlns="http://www.loc.gov/MARC21/slim" xmlns:dcterms="http://purl.org/dc/terms/" xmlns:xsi="http://www.w3.org/2001/XMLSchema-instance" xmlns:doc="http://www.lyncode.com/xoai" xsi:schemaLocation="http://www.loc.gov/MARC21/slim http://www.loc.gov/standards/marcxml/schema/MARC21slim.xsd">
   <leader>00925njm 22002777a 4500</leader>
   <datafield ind2=" " ind1=" " tag="042">
      <subfield code="a">dc</subfield>
   </datafield>
   <datafield ind2=" " ind1=" " tag="720">
      <subfield code="a">Navarro-Vozmediano, Paola</subfield>
      <subfield code="e">author</subfield>
   </datafield>
   <datafield ind2=" " ind1=" " tag="720">
      <subfield code="a">Benedito, Jose</subfield>
      <subfield code="e">author</subfield>
   </datafield>
   <datafield ind2=" " ind1=" " tag="720">
      <subfield code="a">Bou, Ricard</subfield>
      <subfield code="e">author</subfield>
   </datafield>
   <datafield ind2=" " ind1=" " tag="720">
      <subfield code="a">Ribas-Agustí, Albert</subfield>
      <subfield code="e">author</subfield>
   </datafield>
   <datafield ind2=" " ind1=" " tag="720">
      <subfield code="a">Garcia-Perez, Jose V.</subfield>
      <subfield code="e">author</subfield>
   </datafield>
   <datafield ind2=" " ind1=" " tag="260">
      <subfield code="c">2025-12-30</subfield>
   </datafield>
   <datafield ind2=" " ind1=" " tag="520">
      <subfield code="a">The nutritional quality of lupin is often limited by the presence of anti-nutritional factors (ANF), such as saponins and alkaloids, as well as anti-technological factors (ATF), including fat and polyphenols. This study evaluated the use of moderate electric field (MEF) during the protein solubilization stage as a strategy to reduce ANF and ATF and improve protein yield and the techno-functional properties of lupin protein isolate (LPI). Thus, 4 different treatments were applied during the alkaline solubilization for protein isolation purposes: (i) conventional (25 °C, 90 min), (ii) high temperature (60 °C, 45 min), (iii) MEF (60 °C, 45 min, 1200 Hz) with ON-OFF (25 V/cm) and (iv) Proportional control (up to 25 V/cm, avg 3.7 V/cm) algorithms to prevent overheating. Overall, MEF application led to a highly effective decrease in the ANF and ATF of LPI. Compared to high temperature isolation, MEF significantly lowered saponin content (1.93 g oleanolic acid/hg dm) and polyphenols (0.66 mg gallic acid/g dm). Additionally, techno-functional traits, such as water and oil absorption and foaming and emulsifying properties, were also enhanced. A prolonged voltage supply at low electric field under MEF proportional control effectively prevented overheating during protein solubilization and led to improved LPI properties when compared with ON-OFF control.</subfield>
   </datafield>
   <datafield ind1="8" ind2=" " tag="024">
      <subfield code="a">0023-6438</subfield>
   </datafield>
   <datafield ind1="8" ind2=" " tag="024">
      <subfield code="a">https://hdl.handle.net/20.500.12327/4945</subfield>
   </datafield>
   <datafield ind1="8" ind2=" " tag="024">
      <subfield code="a">https://doi.org/10.1016/j.lwt.2025.118983</subfield>
   </datafield>
   <datafield ind2="0" ind1="0" tag="245">
      <subfield code="a">Moderate electric field-assisted alkaline solubilization of lupin protein</subfield>
   </datafield>
</record></metadata></record></GetRecord></OAI-PMH>